|
|
|
|
| LEADER |
00000nam0a2200000 4500 |
| 001 |
114106 |
| 005 |
20231031122141.0 |
| 010 |
|
|
|a 5742213719
|
| 035 |
|
|
|a (RuTPU)RU\TPU\book\123404
|
| 090 |
|
|
|a 114106
|
| 100 |
|
|
|a 20070419d2007 m y0rusy50 ca
|
| 101 |
0 |
|
|a rus
|
| 102 |
|
|
|a RU
|
| 105 |
|
|
|a a j 001zy
|
| 200 |
1 |
|
|a Электрические машины. Трансформаторы
|e учебное пособие
|f Т. И. Егорова [и др.]
|g Санкт-Петербургский государственный политехнический университет
|
| 210 |
|
|
|a СПб
|c Изд-во СПбГПУ
|d 2007
|
| 215 |
|
|
|a 115 с.
|c ил.
|
| 320 |
|
|
|a Библиогр.: с. 112.
|
| 330 |
|
|
|a В пособии приведены электрические схемы учебных установок для испытания трансформаторов. Описываются общие методы испытаний и способы опытного определения характеристик трансформаторов в различных режимах работы. Учебное пособие предназначено для студентов электротехнических специальностей, изучающих курсы «Электромеханика» и «Электрические машины» в рамках подготовки бакалавров по направлениям 551300 «Электротехника, Электромеханика и электротехнологии» и 551700 «Электроэнергетика».
|
| 610 |
1 |
|
|a электротехника
|
| 610 |
1 |
|
|a электрические машины
|
| 610 |
1 |
|
|a трансформаторы
|
| 610 |
1 |
|
|a испытания
|
| 610 |
1 |
|
|a трехфазные трансформаторы
|
| 610 |
1 |
|
|a параллельная работа
|
| 610 |
1 |
|
|a однофазные трансформаторы
|
| 610 |
1 |
|
|a учебные пособия
|
| 675 |
|
|
|a 621.313(075.8)
|v 3
|
| 675 |
|
|
|a 621.314.21.001(075.8)
|v 3
|
| 701 |
|
1 |
|a Егорова
|b Т. И.
|g Татьяна Ивановна
|
| 701 |
|
1 |
|a Кокунов
|b Ю. Ф.
|g Юрий Федорович
|
| 701 |
|
1 |
|a Малиновский
|b С. С.
|g Сергей Сергеевич
|
| 701 |
|
1 |
|a Сочава
|b М. В.
|g Марианна Валерьевна
|
| 701 |
|
1 |
|a Чернышев
|b Н. Н.
|g Николай Нилович
|
| 712 |
0 |
2 |
|a Санкт-Петербургский государственный политехнический университет
|2 stltpush
|3 (RuTPU)RU\TPU\col\1918
|
| 801 |
|
1 |
|a RU
|b 63413507
|c 20070419
|g PSBO
|
| 801 |
|
2 |
|a RU
|b 63413507
|c 20070823
|g PSBO
|
| 942 |
|
|
|c BK
|
| 959 |
|
|
|a 32/20070419
|d 1
|e 170,00
|f ЧЗТЛ:1
|